00221nam a2200097Ia 4500008004100000041000800041100001700049245003400066260001500100300000800115230822s1999 xx 000 0 und d aeng aBUDHANANDA S aWILL- POWER & ITS DEVELOPMENT bNULLc1999 a536